Yeoman's scope (Record no. 80998)
[ view plain ]
| 000 -LEADER | |
|---|---|
| fixed length control field | 01358cab a22002655a 4500 |
| 001 - CONTROL NUMBER | |
| control field | L146015 |
| 008 - FIXED-LENGTH DATA ELEMENTS--GENERAL INFORMATION | |
| fixed length control field | 081201e20081121xxko f g 000 0 eng d |
| 035 ## - SYSTEM CONTROL NUMBER | |
| System control number | (Sirsi) u146015 |
| 041 0# - LANGUAGE CODE | |
| Language code of text/sound track or separate title | eng |
| 100 1# - MAIN ENTRY--PERSONAL NAME | |
| Personal name | Chambers, Kate |
| 245 00 - TITLE STATEMENT | |
| Title | Yeoman's scope |
| 260 ## - PUBLICATION, DISTRIBUTION, ETC. | |
| Date of publication, distribution, etc. | 2008 |
| 490 ## - SERIES STATEMENT | |
| Series statement | New Law Journal |
| Volume/sequential designation | 158(7346) 21 November 2008, 1629-1630(2) |
| 505 ## - FORMATTED CONTENTS NOTE | |
| Formatted contents note | Looks at the decision in Yeoman's Row Management Ltd & Anor v Cobbe and the subsequent court of appeal ruling (which was eventually overturned by the House of Lords on the matter of proprietary estoppel). The author highlights the clarification provided in relation to establishing a claim for proprietary estoppel and suggests that the scope for such claims will be narrowed and simplified in future. She goes on to add that the result of the House of Lords case reinforces the need for business arrangements to be protected by legally enforceable contracts. |
| 520 ## - SUMMARY, ETC. | |
| Summary, etc. | Readers may also wish to view the case online (L144655). |
| 590 ## - LOCAL NOTE (RLIN) | |
| Local note | KA |
| 650 24 - SUBJECT ADDED ENTRY--TOPICAL TERM | |
| Topical term or geographic name entry element | YEOMAN'S ROW MANAGEMENT LTD AND ANOTHER V COBBE |
| 650 24 - SUBJECT ADDED ENTRY--TOPICAL TERM | |
| Topical term or geographic name entry element | CRABB V ARUN DC |
| 650 24 - SUBJECT ADDED ENTRY--TOPICAL TERM | |
| Topical term or geographic name entry element | RAMSDEN V DYSON |
| 650 24 - SUBJECT ADDED ENTRY--TOPICAL TERM | |
| Topical term or geographic name entry element | TAYLOR FASHIONS LTD V LIVERPOOL VICTORIA TRUSTEES CO LTD |
| 650 24 - SUBJECT ADDED ENTRY--TOPICAL TERM | |
| Topical term or geographic name entry element | WILLMOTT V BARBER |
| 651 #4 - SUBJECT ADDED ENTRY--GEOGRAPHIC NAME | |
| Geographic name | England and Wales |
| Chronological subdivision | 1543- |
| 690 ## - LOCAL SUBJECT ADDED ENTRY--TOPICAL TERM (OCLC, RLIN) | |
| Topical term or geographic name as entry element | PROPERTY-PROPERTY ACQUISITION AND DISPOSAL |
| 942 ## - ADDED ENTRY ELEMENTS (KOHA) | |
| Suppress in OPAC | 0 |
| Withdrawn status | Lost status | Source of classification or shelving scheme | Damaged status | Not for loan | Home library | Current library | Shelving location | Date acquired | Total Checkouts | Full call number | Barcode | Date last seen | Copy number | Price effective from | Koha item type |
|---|---|---|---|---|---|---|---|---|---|---|---|---|---|---|---|
| Dewey Decimal Classification | London | London | Journal article | 01/12/2008 | L146015 | 146015-1001 | 06/08/2019 | 1 | 06/08/2019 | Journal article |